| 000 | 01162nam a2200289Ia 4500 | ||
|---|---|---|---|
| 008 | 130821s2010 mx a gr spa | ||
| 020 | _a970 07 6520 2 | ||
| 040 |
_aCo-BoUCM _bspa |
||
| 041 | 0 | 0 | _aspa |
| 100 | 1 |
_aDescartes, René _d1596-1650 _937050 |
|
| 245 | 1 | 0 |
_aDiscurso del método Meditaciones metafísicas ;Reglas para la dirección del espíritu ;principios de la filosofía _cRené Descartes ; estudio introductivo, análisis de las obras y notas al texto por Francisco Larroyo |
| 250 | _a23a. ed. | ||
| 260 |
_aMéxico D.F. (México) _bPorrúa _c2010 |
||
| 300 |
_axxiv, 196 páginas _bilustraciones |
||
| 490 |
_aColección sepan cuantos... . _v177 |
||
| 600 |
_aDescartes, René _d1596-1650 _xPensamiento filosófico _940541 |
||
| 650 |
_aEscepticismo _914754 |
||
| 650 |
_aFilosofía francesa _915814 |
||
| 650 |
_aFilosofía _975 |
||
| 650 |
_aRacionalismo _923022 |
||
| 650 |
_aTeoría del conocimiento _9403 |
||
| 740 | 0 | 2 | _aMeditaciones metafísicas. |
| 740 | 0 | 2 | _aPrincipios de la filosofía. |
| 740 | 0 | 2 | _aReglas para la dirección de espiritu. |
| 942 |
_cLIBRO _a2 _e23 _mD445des _2DEWEY _h194 |
||
| 999 |
_c78619 _d78619 |
||